000
00266nam a22001097a 4500
082
_a
543.0858 BAR'I
100
_a
BARROW, GORDON M
_9
78075
245
_a
INTRODUCTION TO MOLECULAR SOECTROSCOPY
260
_a
NEWYORK
_b
MCGRAW HILL
_c
1962
300
_a
318P
942
_c
BK
999
_c
583230
_d
583230